000 00829nam a22002177a 4500
001 80953
003 BD-RjUL
005 20250409153919.0
008 221211s1994 bg a|||| m||| 00| 0 eng d
035 _a(BD-RjUL)80953
040 _aBD-RjUL
_beng
_cBD-RjUL
_dBD-RjUL
041 _aeng
082 _223
_a757.4
_bBEP 1994
100 _aBegum, Najma
_96273
245 1 0 _aPortrayal of Women In Mughal painting :
_bA Study based on illustrated manuscripts and album drawings /
_cNajma Begum ;
_nVolume II : Illustrations
260 _aRajshahi :
_bInstitute of Bangladesh Studies, Rajshahi University,
_c1994
300 _a[23], P1. 179 leaves :
_bill, ;
_c30.cm.
504 _aThesis (Ph. D.) -- Institute of Bangladesh Studies, Rajshahi University, 1994
650 _a Women
_xPortrayal
_xMughal Painting
_915217
942 _2ddc
_cTHE
999 _c80953
_d80953